00330nam a22000977a 4500003000400000082001900004100005500023245009800078260004800176300000800224SGT a891.4309bG09M aमिश्र, महेन्द्रनाथ aगीत - गंगा : लोकप्रिय गीतों का संग्रह b सेवक प्रकाशन c2009 a160